LEADER 01346nam 2200337Ia 450 001 996384426303316 005 20221108033151.0 035 $a(CKB)1000000000585570 035 $a(EEBO)2240923306 035 $a(OCoLC)166384414 035 $a(EXLCZ)991000000000585570 100 $a20070829d1612 uy 0 101 0 $aeng 135 $aurbn||||a|bb| 200 10$aArticles to be enquired of by the church-wardens and sworne-men within the Archdeaconrie of Excester$b[electronic resource] $ein the visitation of the Right Worshipful Thomas Barret, Archdeacon of the said Archdeaconrie of Excester. Anno Domini, 1612. 210 $aLondon $cPrinted by William Stansby.$d1612. 215 $a[11] p 300 $aTitle vignette, headpieces on t.p. with royal arms, tailpiece, initials. 300 $aSignatures: A⁴ B². 300 $aReproduction of original in: British Library. 330 $aeebo-0018 606 $aVisitations, Ecclesiastical$zEngland$vEarly works to 1800 615 0$aVisitations, Ecclesiastical 700 $aChurch of England$01004974 701 $aBarret$b Thomas$01017612 801 0$bUMI 801 1$bUMI 906 $aBOOK 912 $a996384426303316 996 $aArticles to be enquired of by the church-wardens and sworne-men within the Archdeaconrie of Excester$92388240 997 $aUNISA